00653cam a22001812 4500001001100000005001700011008004100028020001700069040001500086050002900101245012500130246003100255260005600286300001100342500005600353650002800409700003400437000000250620151217151856.0070412s xx 000 0 eng d a0256219729 : aKABUcKABU 0aHF5635b.I655 1997 Supp.10aAnnual report booklet to accompany Introduction to accounting :ban intergrared approach /cPenne Ainsworth ... [et al.]3 aIntroduction to accounting aBoston, Massachussets :bIrwin/McGraw-Hill,c[1997] a305 p. aIntroduction to accounting an intergrated approach. 0aAccounting.@00001483211 aAinsworth, Penne.@0000151879